000 00342nam a22001217a 4500
999 _c517773
_d517773
082 _aA99 B839\K824
100 _aKohli, F.C.
_925935
245 _aMaharaja Porus: a unique hero of ancient times
_cby F.C. Kohli
260 _aNew Delhi
_bM.R.
_c2019
300 _a88p.
650 _aBiography
_925936
650 _aMaharaja Porus - Biography
_925937